000
00245nam a2200109Ia 4500
005
20251222144721.0
008
251222s9999||||xx |||||||||||||| ||spa||
082
_a
927.91/B77
100
_a
"Bourgeois, Jeanne"
245
0
_a
Memorias
942
_c
LIB
999
_c
18226
_d
18226